1872 1647 1037 1963 1410 1083 1157 1983 1014 1103 1389 1262 1504 1562 1339 1486 1360 1196 1506 1978 1594 1156 1176 1236 1372 1802 1354 1223 1418 1880 1704 1968 1499 1461 1323 1921 1499 1669 1216 1866 1244 1348 1731 1457 1356 1907 1704 1123 1038 1207 1022 1279 1205 1196 1853 1009 1729 1696 1929 1609 1490 1344 1389 1396 1050 1790 1731 1594 1017 1357 1852 1968 1724 1039 1817 1937 1163 1501 1748 1981 1500 1872 1840 1167 1254 1727 1892 1686 1358 1267 1374 1482 1485 1091 1880 1031 1843 1612 1368 BCNSPRNW ULIB Ver.6.0+V

เปลี่ยนเป็นภาษาไทย

Change to English
 แสดงรายละเอียดบรรณานุกรม
  กลับหน้าหลัก

Brief Record : Get Marc (ISO 2709) : E-mail record : QR code < ปิดหน้าต่าง
LEADER : 00000nam 2200000uu 4500
001    13399127030
003     ULIB
008    020711s2559 th a 000 0 tha d
020    ^a9786163920201
060    ^aWS103^bก344ก
110 1  ^aกองบรรณาธิการสำนักพิมพ์โลกหนังสือ
245    ^aกบกับหนู (THE FROG AND THE MOUSE) (สองภาษาไทย -อังกฤษ)
250    ^aพิมพ์ครั้งที่ 1
260    ^aกรุงเทพฯ :^bบริษัทสำนักพิมพ์โลกหนังสือ จำกัด,^c2559
300    ^a8 หน้า;^b21 ซม.
650    ^aเด็ก^xการเรียนการสอน
945    ^p0^l0^i006218
999    ^aประนอม เกษจรัล
รายการนี้ยังไม่มีแท็ก
คุณยังไม่ได้ล็อกอิน คุณสามารถมีกิจกรรมร่วมกับเว็บไซต์ได้ แต่ต้องล็อกอินก่อน ::
  ล็อกอิน

รายการสื่อสารสนเทศ

ลำดับที่ ประเภท เลขเรียก/บาร์โค้ด สถานที่ สถานะ
1. วิทยาศาสตร์การแพทย์ และสุขภาพ
วิทยาศาสตร์การแพทย์ และสุขภาพ
WS103 ก344ก ฉ.1 
  Barcode: 006218
ห้องสมุดวิทยาเขตสวรรค์ประชารักษ์
►หนังสือทั่วไป
ถูกยืม กำหนดส่งวันที่ 24 เมษายน 2568
  จอง

BibComment


ยังไม่เคยถูกคอมเมนท์

คอมเมนท์ทรัพยากรรายการนี้
  คอมเมนท์: กบกับหนู THE FRO..


 Copyright 2026. Bcnsprnw @Library